| 000 | 01491nam a22002657a 4500 | ||
|---|---|---|---|
| 003 | AR-RoIUNI | ||
| 005 | 20210304115734.0 | ||
| 007 | ta | ||
| 008 | 170323s1987 ag |||||r|||| 00| 0 spa d | ||
| 040 |
_bSpa _cIUNIR _eAnglo |
||
| 041 | _aspa | ||
| 080 | _a159.953 | ||
| 111 | 2 |
_aJornadas nacionales de APINEP _n(1a : _d1986 : _cRosario, Argentina). |
|
| 245 | 1 | 0 |
_aPsicología, lenguaje, aprendizaje / _cAPINEP. |
| 260 |
_aBuenos Aires : _bEdiciones Pedagógicas, _c1987. |
||
| 300 |
_a220 p. : _bil. ; _c22 cm |
||
| 500 | _aActas de las Primeras Jornadas nacionales de APINEP. Rosario, 29 y 30 de agosto de 1986. | ||
| 505 | 1 |
_tAprendizaje fisiológico / _rJuan E. Azcoaga -- _tAprendizaje del lenguaje / _rMónica Cerutti de Cappa -- _tAprendizaje pedagógico / _rAlfredo Zenoff -- _tNeuropsicología del adulto / _rJorge D. Fainstein -- _tLos neologismos. Aspectos neurolingüísticos / _rMyrian Arroyo de Régoli -- _tLas perseveraciones. Implicancias entre el déficit de la comprensión verbal y las perseveraciones / _rSusana Adela Greppi -- _tReflexiones acerca del abordaje terapéutico de la problemática del lenguaje / _rBrígida Graciela Lara, ... [et al.] -- _tExistencia de estructuras lingüísticas tardías que condicionan el proceso de aprendizaje (avance de una investigación en desarrollo) / _rNorma Desinano, ... [et al.]. |
|
| 650 | 4 |
_aPSICOLOGÍA _9108 |
|
| 650 | 4 | _aLINGÜÍSTICA | |
| 650 | 4 | _aAPRENDIZAJE | |
| 650 | 4 | _aNEUROPSICOLOGÍA | |
| 710 | 2 | _aAPINEP | |
| 942 |
_2cdu _cBK |
||
| 999 |
_c3486 _d3486 |
||